[Event "IM Marmaris Karia IV 2019"]
[Site "Marmaris"]
[Date "2019.01.28"]
[Round "4.3"]
[White "Mammadov, Zaur"]
[Black "Hamidi, Amir Mohammad"]
[Result "1-0"]
[WhiteElo "2448"]
[BlackElo "2221"]
[Annotator "TA"]
[PlyCount "61"]
[EventDate "2019.01.27"]
[EventType "schev"]
[EventCountry "TUR"]
[SourceTitle "playchess.com"]
[Source "ChessBase"]
[SourceQuality "1"]

{[%evp 14,61,2,-2,25,18,39,29,50,25,36,27,47,47,52,45,49,30,38,0,12,0,15,0,0,-25,-13,-31,0,0,62,50,93,92,100,92,92,85,232,237,394,374,443,440,467,464,514,217,789,786]} 1. e4 {[%cal Be2e4,Be4e5][%mdl 32]} e6 2. b3 d5 3. Bb2 Nf6 4. e5 Nfd7 5. Qg4 c5 6. f4 {C00: French: Unusual White 2nd moves} Nc6 7. Nf3 a6 (7... Qc7 8. Be2 a5 9. a4 b6 10. Na3 Ba6 11. Bxa6 Rxa6 12. Nb5 Qb8 13. Nd6+ Bxd6 14. Qxg7 {1-0 (55) Mastrovasilis,D (2582)-Stupak,K (2588) Katowice 2017}) 8. Be2 {LiveBook: 16 Games. The position is equal.} Ne7 9. O-O b6 $146 ({Predecessor:} 9... Nf5 10. Qh3 g6 11. g4 Ng7 12. Qg3 h5 13. h3 {0-1 (44) Prins,L-Guimard,C Buenos Aires 1939}) 10. c3 Bb7 11. Na3 g6 12. Nc2 Bg7 13. Ne3 Nf5 14. Nxf5 exf5 15. Qh3 Nf8 16. Rae1 Ne6 17. Nh4 {[%cal Bf3h4,Bh4g2,Bg2e3][%mdl 32]} h5 18. d4 Bf8 19. g3 Be7 20. Ng2 cxd4 21. cxd4 Kf8 ({Black should play} 21... b5 $11) 22. g4 $14 Ng7 23. gxf5 Nxf5 24. Bd3 Bc8 25. Ne3 Bh4 (25... Nxe3 $16 {was worth a try.} 26. Qxe3 Bb4) 26. Ba3+ ({Weaker is} 26. Nxf5 Bxe1 27. Rxe1 Bxf5 $14) 26... Kg8 $2 (26... Be7) 27. Bxf5 $18 Bxe1 28. Bxc8 ({Not} 28. Rxe1 Bxf5 29. Nxf5 gxf5 $11) 28... Bd2 29. Bb7 {[%mdl 64] [#] Double Attack} Ra7 30. Bc6 (30. Nxd5 $142 Rxb7 31. Nf6+ Kg7 32. Qd3) 30... Rc7 $2 (30... Qc7) 31. Nxd5 {[%mdl 64] Double Attack. Accuracy: White = 63%, Black = 27%.} ({Inferior is} 31. Ba4 b5 $15) 1-0

[Event "IM Marmaris Karia IV 2019"]
[Site "Marmaris"]
[Date "2019.01.28"]
[Round "4.4"]
[White "Pacher, Milan"]
[Black "Mammadova, Narmin"]
[Result "1/2-1/2"]
[WhiteElo "2442"]
[BlackElo "2219"]
[Annotator "TA"]
[PlyCount "76"]
[EventDate "2019.01.27"]
[EventType "schev"]
[EventCountry "TUR"]
[SourceTitle "playchess.com"]
[Source "ChessBase"]
[SourceQuality "1"]

{[%evp 18,76,48,42,58,22,31,0,0,0,0,0,26,24,53,53,53,25,54,59,64,52,47,42,34,0,0,0,17,-2,-2,-2,-2,-9,0,-5,0,0,0,0,0,0,0,0,0,0,0,0,0,0,0,0,0,0,0,0,0,0,0,0,-4]} 1. c4 c6 2. d4 d5 3. Nf3 Nf6 4. Nc3 g6 5. cxd5 cxd5 6. Bf4 Nc6 7. h3 Bg7 8. e3 O-O 9. Bd3 a6 10. O-O b5 {D90: Grünfeld: 4 Nf3 Bg7 sidelines} 11. Qe2 Bb7 12. a4 $146 ({Predecessor:} 12. Rfc1 Rc8 13. Qd1 e6 14. Ne5 Nd7 15. Nxc6 Rxc6 {½-½ (61) Ahlander,B (2432)-Tikkanen,H (2522) Lund 2017}) 12... b4 13. Nb1 Nd7 14. Nbd2 Qb6 15. Nb3 Na5 16. Nxa5 Qxa5 17. Nd2 Rfc8 18. Nb3 Qd8 19. Rac1 e5 20. Rxc8 Bxc8 21. dxe5 Nxe5 {The position is equal.} 22. Nd4 Bb7 23. b3 Nxd3 24. Qxd3 Rc8 25. Rd1 Rc3 26. Qb1 Qb6 27. Ne2 Rc8 28. Rc1 Rc5 29. Rxc5 Qxc5 30. Qc1 Qxc1+ 31. Nxc1 $11 {[%mdl 4096] Endgame KBB-KBN} d4 32. exd4 Bxd4 33. Bd6 Bc3 34. Nd3 a5 35. Bc7 Bd5 36. Bxa5 Bxb3 37. Bxb4 Bxb4 38. Nxb4 {[#] Black must now prevent a5.} Bxa4 {Accuracy: White = 74%, Black = 61%.} 1/2-1/2

[Event "IM Marmaris Karia IV 2019"]
[Site "Marmaris"]
[Date "2019.01.28"]
[Round "4.5"]
[White "Rzayev, Bahruz"]
[Black "Alaz, Ahmet Efekan"]
[Result "1/2-1/2"]
[WhiteElo "2359"]
[BlackElo "2218"]
[Annotator "TA"]
[PlyCount "63"]
[EventDate "2019.01.27"]
[EventType "schev"]
[EventCountry "TUR"]
[SourceTitle "playchess.com"]
[Source "ChessBase"]
[SourceQuality "1"]

{[%evp 14,63,43,43,53,41,61,22,58,45,31,28,41,32,35,-47,40,41,75,1,80,71,157,139,355,352,322,285,327,275,289,221,216,204,226,31,27,11,18,0,0,0,0,-47,0,0,12,9,11,7,14,0]} 1. d4 g6 2. g3 Bg7 3. Bg2 d6 4. e4 Nd7 5. Ne2 e6 6. O-O Ne7 7. c4 O-O 8. Nbc3 Rb8 $146 {A42: Modern Defence: Averbakh Variation} ({Predecessor:} 8... a6 9. Be3 b6 10. Qd2 Bb7 11. Bh6 {½-½ (11) Schwarz,M (2383)-Eisenbeiser,A (2361) Germany 2014}) 9. Be3 b6 10. h3 Bb7 11. Kh2 a6 12. d5 e5 13. Qd2 f5 14. Bh6 (14. b4 $14) 14... Nf6 (14... Bxh6 $15 15. Qxh6 b5) 15. Bxg7 $14 Kxg7 16. b4 ({White should try} 16. f4 $16) 16... Bc8 (16... b5 $11) 17. f4 $16 exf4 (17... a5 $142) 18. Nxf4 ({Resist} 18. Qxf4 $6 a5 $14) 18... Neg8 $2 {[#]} (18... g5 $16 {keeps fighting.}) 19. exf5 $18 Bxf5 20. Rae1 Re8 21. Rxe8 Qxe8 22. Re1 Qf7 23. Ne6+ Bxe6 24. Rxe6 $2 {[#]} (24. dxe6 $18 Qe7 25. Nd5 Nxd5 26. cxd5) 24... Re8 $14 25. Rxe8 Qxe8 26. Qe2 Nh6 (26... Ne7 {feels hotter.} 27. Kg1 h6 28. a4 g5 29. Qe6 Nf5) 27. Qxe8 Nxe8 28. Ne4 Nf7 29. Kg1 {The position is equal.} Kf8 30. Kf2 Ke7 31. Ke3 h6 32. c5 {Accuracy: White = 37%, Black = 35%.} 1/2-1/2

[Event "IM Marmaris Karia IV 2019"]
[Site "Marmaris"]
[Date "2019.01.29"]
[Round "5.1"]
[White "Ahmadzada, Ahmad"]
[Black "Haussernot, Cecile"]
[Result "1-0"]
[WhiteElo "2337"]
[BlackElo "2157"]
[Annotator "TA"]
[PlyCount "55"]
[EventDate "2019.01.27"]
[EventType "schev"]
[EventCountry "TUR"]
[SourceTitle "playchess.com"]
[Source "ChessBase"]
[SourceQuality "1"]

{[%evp 16,55,15,13,90,74,75,83,81,65,81,32,93,77,86,83,82,66,72,73,109,93,99,90,132,58,232,29,635,512,518,514,493,470,710,678,869,845,843,822,29981,29981]} 1. e4 c5 2. Nf3 d6 3. d4 cxd4 4. Nxd4 Nf6 5. Nc3 a6 6. Bc4 e6 7. Bb3 b5 8. O-O Be7 9. Qf3 {LiveBook: 1163 Games. e5! is the strong threat.} Bb7 {[#] B87: Sicilian Scheveningen/Najdorf: 6 Bc4, with early ...b5} (9... Qc7 $11) (9... Qb6 10. Be3 Qb7 11. Qg3 Nbd7 12. f3 b4 13. Na4 O-O 14. Rfd1 Rb8 15. Ne2 Ne5 16. a3 a5 17. axb4 axb4 18. Nb6 Qc7 19. Qf2 Nfd7 20. Ra7 Rb7 21. Nxc8 Rxc8 22. Rxb7 Qxb7 {0-1 (29) Ivanchuk,V (2726)-Artemiev,V (2691) Huaian 2017}) 10. Bxe6 $1 $16 fxe6 11. Nxe6 Qd7 {White is better.} 12. Nxg7+ Kd8 13. Nf5 {Strongly threatening Nxd6!} b4 (13... Rf8 $14) 14. Bg5 ({Much weaker is} 14. Nxe7 $6 Qxe7 15. Nd5 Nxd5 $11) 14... Rf8 15. Nxe7 Qxe7 16. Nd5 Bxd5 $1 17. exd5 {aiming for Rae1.} Nbd7 $146 18. Rae1 $36 {[%mdl 2048] White is on the roll.} Qg7 19. Bf4 Ne8 20. Qe3 (20. Re4 $16) 20... Qxb2 $2 {[#]} (20... Rg8 $14 21. g3 a5) 21. Bxd6 $2 ({White has to play} 21. c3 $1 $18) 21... Rg8 $2 {[%mdl 8192]} (21... Nxd6 $11 22. Qe7+ Kc7) 22. Qe6 Qg7 {[%csl Gg8][%cal Rg7g2]} 23. Be7+ {[%cal Bd6e7,Be7b4,Bb4c3][%mdl 32]} Kc8 {[%csl Gg8][%cal Rg7g2]} 24. Qc6+ Kb8 (24... Nc7 $142 25. d6 Qc3) 25. g3 $18 Ra7 26. Bxb4 {White wants to mate with Rxe8+!} Rb7 27. Bc3 Qf7 28. Rb1 {Precision: White = 60%, Black = 26%.} 1-0

[Event "IM Marmaris Karia IV 2019"]
[Site "Marmaris"]
[Date "2019.01.29"]
[Round "5.2"]
[White "Tanriverdi, Enes"]
[Black "Mammadov, Zaur"]
[Result "1/2-1/2"]
[WhiteElo "2283"]
[BlackElo "2448"]
[Annotator "TA"]
[PlyCount "53"]
[EventDate "2019.01.27"]
[EventType "schev"]
[EventCountry "TUR"]
[SourceTitle "playchess.com"]
[Source "ChessBase"]
[SourceQuality "1"]

{[%evp 25,53,16,17,8,17,16,18,0,0,18,22,21,10,6,12,23,47,48,61,14,42,48,44,0,12,0,7,0,20,0]} 1. d4 Nf6 2. c4 e6 3. Nc3 Bb4 4. Qc2 d5 5. cxd5 exd5 6. Bg5 h6 7. Bh4 c5 8. dxc5 g5 9. Bg3 Ne4 10. e3 Nc6 11. Bd3 {E35: Nimzo-Indian: Classical: 4...d5 5 cxd5 exd5} Nxg3 12. hxg3 d4 13. exd4 Qxd4 {LiveBook: 7 Games} 14. Nf3 Qxc5 15. O-O Be6 16. Rfc1 g4 17. Ne1 O-O-O 18. Be4 Kb8 {[#]} 19. Nd3 $146 Qc4 20. Qe2 Qa6 21. Nxb4 Nxb4 22. Qe3 (22. Nb5 $5 {[%cal Re4b7]} Qb6 23. a3 $14) 22... Qb6 23. Qf4+ Qd6 24. Qe3 {[#] Hoping for Nb5.} (24. Qf6 $5 {[%cal Rc3b5]} Qd4 25. Qe7 $14) 24... Qd4 {The position is equal.} 25. Qf4+ Qd6 26. Qe3 {Threatens to win with Nb5.} Qd4 27. Qf4+ 1/2-1/2

[Event "IM Marmaris Karia IV 2019"]
[Site "Marmaris"]
[Date "2019.01.29"]
[Round "5.3"]
[White "Hamidi, Amir Mohammad"]
[Black "Pacher, Milan"]
[Result "1/2-1/2"]
[WhiteElo "2221"]
[BlackElo "2442"]
[Annotator "TA"]
[PlyCount "117"]
[EventDate "2019.01.27"]
[EventType "schev"]
[EventCountry "TUR"]
[SourceTitle "playchess.com"]
[Source "ChessBase"]
[SourceQuality "1"]

{[%evp 23,117,29,33,19,22,12,22,0,27,39,46,38,59,41,70,68,86,70,86,85,72,67,79,68,81,78,81,34,18,30,67,75,64,29,82,86,120,65,68,69,72,75,245,243,337,125,89,38,22,27,63,0,83,0,0,0,0,0,0,-35,-35,-35,-35,-34,-27,-25,-39,-91,0,0,0,0,449,456,743,726,764,220,1613,1619,1040,272,239,42,49,-1204,-1095,-1090,-717,-636,-580,-6087,-5072,-12847,-12847,-12843]} 1. d4 Nf6 2. Nf3 e6 3. c4 b6 4. g3 Ba6 5. Qc2 Bb4+ 6. Nbd2 Bb7 7. Bg2 Be4 8. Qd1 O-O 9. O-O Bxd2 10. Qxd2 d6 11. b3 {E15: Queen's Indian: 4 g3 sidelines, 4 g3 Ba6 and 4 g3 Bb7 early deviations} Nbd7 12. Bb2 a5 {[%cal Ba7a5,Ba5a4][%mdl 32] LiveBook: 18 Games} (12... Qe7 13. Rfd1 a5 14. Bf1 a4 15. Nh4 axb3 16. axb3 Rxa1 17. Rxa1 Ra8 18. f3 Rxa1 19. Bxa1 {½-½ (84) Vallejo Pons,F (2696)-Akopian,V (2698) Novi Sad 2009}) 13. Rfe1 {White is slightly better.} a4 14. Bf1 h6 15. Qc1 $146 ({Predecessor:} 15. Qc3 Bb7 16. Nd2 c5 17. e4 cxd4 18. Qxd4 {½-½ (33) Hellsten,J (2464)-Hansen,S (2551) Germany 2000}) 15... Qe7 16. Nd2 Bb7 17. e4 e5 18. Bg2 Ra7 19. b4 c5 20. bxc5 bxc5 21. d5 Rb8 22. Nf1 Bc8 23. Ne3 Nf8 24. f3 h5 25. Nf5 Bxf5 26. exf5 a3 27. Bc3 $1 N6d7 28. f4 f6 (28... Qf6 $11) 29. Bf3 Ra4 30. Bd1 ({White should try} 30. Re4 $16) 30... Rxc4 $14 31. Bb3 Rcb4 32. Bxb4 cxb4 $2 (32... Rxb4 $16 {was worth a try.} 33. Qxa3 Qd8) 33. Qc7 $18 Qd8 34. Rec1 $2 (34. Qxd6 $18 {and the rest is easy.} Rb6 35. Qc7 Qxc7 36. d6+ Qc4 37. Bxc4+ Kh7 38. Rad1) 34... Nc5 $16 35. Rxc5 (35. Qxd8 $1 $16 Rxd8 36. fxe5 fxe5 37. Bd1) 35... dxc5 $14 36. d6+ Kh7 $1 {White should prevent ...Qxc7.} 37. Qf7 (37. Qxc5 $14 exf4 38. gxf4) 37... Qe8 (37... Kh6 $1 $11 {remains equal.}) 38. fxe5 (38. Qg8+ $16 Kh6 39. Re1) 38... Qxf7 $11 39. Bxf7 {aiming for e6.} fxe5 $16 {[%mdl 4096] Endgame KRB-KRN} 40. Rc1 Nd7 41. Be6 Rd8 42. Kf2 g6 43. Ke3 gxf5 44. Bxf5+ Kg7 45. Ke4 ({White should play} 45. Be6 $15) 45... Kf6 (45... Nb6 $1 $17 {And now ...Kf6 would win.} 46. Kxe5 (46. Rxc5 b3 $15) 46... Re8+ 47. Kf4 c4) 46. Bxd7 $11 Rxd7 {KR-KR} 47. Kd5 e4 $2 {[%mdl 8192]} (47... c4 $1 $11) 48. Rf1+ $18 Kg5 (48... Kg6 $142 49. Kxc5 Rd8) 49. Kxc5 b3 50. axb3 $2 (50. Kc6 Rd8 51. Kc7) 50... e3 $2 (50... Rd8 51. Ra1 e3) 51. Kc6 Rd8 52. Kc7 $2 (52. d7 Ra8 53. Ra1) 52... Ra8 53. d7 $2 (53. h3 $1 $18) 53... Kg4 $1 $14 54. d8=Q $4 {[%mdl 8192]} (54. Ra1 $14 e2 55. b4) 54... Rxd8 $19 {Black is clearly winning.} 55. Kxd8 e2 56. Ra1 {[#]} Kf3 $1 ({Don't blunder} 56... a2 $2 57. b4 $18) 57. b4 {[#]} Kf2 $1 58. b5 e1=Q 59. Rxe1 {[%mdl 32768] Precision: White = 43%, Black = 40%. . An unexpected result.} 1/2-1/2

[Event "IM Marmaris Karia IV 2019"]
[Site "Marmaris"]
[Date "2019.01.29"]
[Round "5.5"]
[White "Alaz, Ahmet Efekan"]
[Black "Darban, Morteza"]
[Result "1-0"]
[WhiteElo "2218"]
[BlackElo "2333"]
[Annotator "TA"]
[PlyCount "43"]
[EventDate "2019.01.27"]
[EventType "schev"]
[EventCountry "TUR"]
[SourceTitle "playchess.com"]
[Source "ChessBase"]
[SourceQuality "1"]

{[%evp 21,43,22,8,15,132,140,140,128,138,161,241,204,227,232,666,660,1445,1020,1158,1128,29994,29995,29995,29996]} 1. e4 {[%cal Be2e4,Be4e5,Be5e6][%mdl 32]} d6 2. d4 Nf6 {[%cal Bg8f6,Bf6d7,Bd7b6,Bb6c4][%mdl 32]} 3. Nc3 g6 4. f4 Bg7 5. Nf3 O-O 6. e5 Nfd7 7. Bc4 c5 {B09: Pirc Defence: Austrian Attack} 8. e6 Nb6 9. exf7+ Kh8 10. h4 {[%cal Bh2h4,Bh4h5,Bh5g6][%mdl 32]} Nxc4 11. h5 Bf5 {LiveBook: 5 Games. White must now prevent ...gxh5.} 12. Nh4 $146 {[%cal Rh4g6]} ({Predecessor:} 12. hxg6 Bxg6 13. f5 Bxf5 14. Ng5 Qd7 15. Qh5 {1-0 (24) Ivanisevic,I (2633)-Dzhumaev,M (2530) Al Ain 2012}) 12... Qd7 {[#]} ({Wrong is} 12... Bxd4 $2 13. hxg6 Bxg6 14. Nxg6+ Kg7 15. Nxf8 $18) (12... Bf6 $11 {keeps the balance.} 13. Nxg6+ {[%mdl 64] Double Attack} Kg7 {[%mdl 64] Double Attack} 14. Nxf8 Qxf8) 13. hxg6 $1 $16 {aiming for Qh5.} Qe6+ 14. Qe2 Qxe2+ 15. Nxe2 Bg4 (15... Bxc2 $142 16. b3 Na5) 16. f5 $40 {[%mdl 128] White goes for the king.} cxd4 {[#]} 17. Nf3 $1 {[%csl Gg6][%cal Rh1h7]} h5 $2 (17... Rxf7 18. gxf7 Bxf5 19. Nexd4 (19. Nfxd4 Bg6 $18) 19... Bg6) 18. Nf4 $18 Ne3 {and the idea ...Nxg2+ leaves Black hopeful.} 19. Bxe3 dxe3 20. Nxh5 Bxf3 21. Nf6+ Bh6 22. Ne8 1-0

[Event "IM Marmaris Karia IV 2019"]
[Site "Marmaris"]
[Date "2019.01.29"]
[Round "6.1"]
[White "Mammadov, Zaur"]
[Black "Ahmadzada, Ahmad"]
[Result "0-1"]
[WhiteElo "2448"]
[BlackElo "2337"]
[Annotator "TA"]
[PlyCount "110"]
[EventDate "2019.01.27"]
[EventType "schev"]
[EventCountry "TUR"]
[SourceTitle "playchess.com"]
[Source "ChessBase"]
[SourceQuality "1"]

{[%evp 20,110,21,31,37,23,25,15,24,22,37,16,37,12,50,33,49,52,59,59,59,59,59,60,56,52,52,52,75,56,58,58,65,36,33,0,0,0,7,-8,0,-84,-79,-184,-197,-620,-161,-192,83,-176,-178,-153,-157,-94,-105,-189,-189,-187,-153,-188,-161,-204,-182,-186,-139,-323,-331,-319,-204,-181,-175,-323,-286,-360,-364,-574,-574,-572,-561,-558,-539,-539,-533,-492,-497,-473,-463,-644,-627,-958,-898,-885,-817]} 1. Nf3 ({Predecessor:} 1. c4 Nf6 2. g3 c6 3. Nf3 d5 4. b3 Bg4 5. Bg2 g6 6. Bb2 Bg7 7. d3 Bxf3 8. Bxf3 O-O {½-½ (15) Ivkov,B-Uhlmann,W Amsterdam 1971}) 1... Nf6 2. b3 $146 (2. g3 g6 3. c4 c6 4. b3 Bg7 5. Bb2 O-O 6. Bg2 d5 7. O-O {½-½ (30) Grischuk,A (2771)-Kamsky,G (2666) St Petersburg 2018}) 2... g6 3. Bb2 Bg7 4. g3 O-O 5. Bg2 d5 6. O-O Bg4 7. c4 c6 8. d3 Bxf3 9. Bxf3 e6 ({Predecessor:} 9... Nbd7 10. Nd2 {½-½ (15) Ivkov,B-Uhlmann,W Amsterdam 1971}) 10. Nd2 Nbd7 {[%cal Bb8d7,Bd7f6,Bf6e4][%mdl 32]} 11. Qc2 Qe7 {A11: English Opening: 1...c6} (11... a5 12. a3 Qe7 13. Bg2 Rfd8 14. e3 Ne8 15. d4 b5 16. a4 b4 17. Rac1 Nd6 18. Rfd1 Rac8 19. Qd3 {½-½ (30) Grischuk,A (2771)-Kamsky,G (2666) St Petersburg 2018}) 12. a3 Ne8 ({Predecessor:} 12... Rfc8 13. Rac1 Ne8 14. Bxg7 Kxg7 15. Qb2+ Qf6 {½-½ (15) Ivkov,B-Uhlmann,W Amsterdam 1971}) 13. d4 Nd6 {The position is equal.} 14. Rad1 f5 15. Bg2 Nf6 16. Nf3 {[%cal Bd2f3,Bf3e1,Be1d3,Bd3e5][%mdl 32]} Nf7 17. a4 a5 18. Ne1 Bh6 19. Nd3 Ne4 20. Kh1 Qc7 21. e3 Nfd6 22. f3 {And now c5 would win.} Nf6 23. Rfe1 Rae8 24. Ne5 Bg7 25. Bc3 Nf7 26. Nxf7 Rxf7 27. e4 fxe4 28. fxe4 dxe4 29. Bxe4 Ng4 30. Re2 (30. Rd2 $11) 30... Ref8 $17 31. Rde1 (31. Kg1 $17 {was called for.}) 31... Qd7 32. Bxg6 $2 (32. Qd2 Bh6 33. Qd3) 32... Rf1+ $2 (32... hxg6 33. Qxg6 Nf2+ 34. Kg1 Rf6) 33. Rxf1 $19 Rxf1+ 34. Kg2 Rf2+ $1 35. Kh1 {[#]} Ne3 $1 $40 {[%cal Rf2f1][%mdl 128] Black goes for the king.} 36. Bxh7+ Kh8 {[%cal Rf2f1]} 37. Rxe3 (37. Rxf2 $17 Nxc2 38. Bxc2) 37... Rxc2 38. Bxc2 {[#]} c5 $1 {[%cal Rc5d4]} 39. Bxa5 ({But not} 39. dxc5 $2 Bxc3 40. Re2 Bd4 $19) 39... cxd4 40. Rf3 Qc6 {[%mdl 1024] Black has strong compensation.} 41. Kg2 e5 42. h4 $2 (42. Bf5 $17) 42... e4 43. Rf5 d3 44. Bd1 Qd6 45. Rh5+ (45. Bg4 {was necessary.} e3 46. Rd5) 45... Kg8 46. Rg5 {Black should prevent Bc3.} Qd4 47. Rd5 (47. Bh5 $142 e3 48. Rd5 Qb2+ 49. Kh3 Qxb3 50. Rd8+ Bf8 51. Bf3) 47... Qb2+ {Black is clearly winning.} 48. Kh3 Qc1 49. Bh5 Qh1+ 50. Kg4 Qf3+ 51. Kh3 Qf1+ 52. Kg4 {intending Bg6.} Kh7 53. Bb6 {[#]} e3 $1 {[%mdl 576] ...d2 is the strong threat. Decoy} 54. Bxe3 Qe2+ {[%mdl 64] Double Attack} 55. Kf4 Bh6+ {Accuracy: White = 36%, Black = 53%.} 0-1

[Event "IM Marmaris Karia IV 2019"]
[Site "Marmaris"]
[Date "2019.01.29"]
[Round "6.2"]
[White "Pacher, Milan"]
[Black "Tanriverdi, Enes"]
[Result "1-0"]
[WhiteElo "2442"]
[BlackElo "2283"]
[Annotator "TA"]
[PlyCount "135"]
[EventDate "2019.01.27"]
[EventType "schev"]
[EventCountry "TUR"]
[SourceTitle "playchess.com"]
[Source "ChessBase"]
[SourceQuality "1"]

{[%evp 9,135,-7,-7,0,24,-53,-40,-40,-47,-39,-39,-26,-33,-31,0,-30,-23,-48,0,0,13,20,15,12,34,29,24,-1,0,0,38,-85,-84,-74,-81,-82,-84,-86,-58,-146,-118,-144,-147,-154,-83,-86,-73,-107,0,0,0,0,0,0,0,0,15,15,15,16,18,0,124,124,123,123,117,116,112,113,119,84,272,106,272,267,288,242,411,411,411,411,399,397,396,383,353,345,284,229,552,551,1006,983,833,827,827,747,488,411,411,411,571,517,503,402,1211,1141,12845,6227,4698,3716,29975,29976,29978,29979,29979,29978,29978,29979,29979,29979,29979,29980,29979,29979,29981,29981]} 1. e4 c5 2. Nf3 e6 3. b3 b6 4. Bd3 Bb7 5. O-O Nc6 6. Re1 {B40: Sicilian: 2...e6, Unusual lines} Nge7 7. c4 $146 (7. Bb2 $11) ({Predecessor:} 7. Bb2 Ng6 8. Bf1 Bd6 9. c3 O-O 10. d4 Bb8 11. d5 Nce5 12. Nxe5 Bxe5 {½-½ (36) Cicak,S (2509)-Bosiocic,M (2602) Germany 2016}) 7... Ng6 8. Bb2 {Black is slightly better.} Be7 9. Bf1 O-O 10. d4 cxd4 11. Nxd4 Nxd4 12. Bxd4 (12. Qxd4 {with more complications.} Bf6 13. Qd2 Bxb2 14. Qxb2 f5 15. Nc3) 12... f5 13. Nd2 Bb4 14. exf5 Rxf5 {aiming for ...Qh4.} 15. a3 Bd6 16. g3 $1 Nh4 17. Qg4 {[%csl Gd4][%cal Rg4g7]} Ng6 18. Bg2 Bxg2 19. Kxg2 Bc5 20. b4 (20. Bxc5 $14 {stays ahead.} bxc5 21. Qe4) 20... Nf4+ $1 $17 21. gxf4 {[%csl Gd4][%cal Rg4g7]} Bxd4 22. Rad1 Qc7 23. Nf3 Bf6 24. Re4 (24. Ne5 $1 $15) 24... Rf8 25. Rd3 Qb7 26. Nd2 {[%cal Bf3d2,Bd2f1,Bf1g3][%mdl 32]} h5 (26... g6 $142 27. Kg1 Qc7) 27. Qf3 Qc7 28. Nf1 {[#]} Be7 (28... Be5 $1 $17 {[%cal Re5f4][%mdl 512]} 29. Ng3 (29. Rxe5 Rxf4) 29... Rxf4 30. Rxf4 Bxf4 31. Nxh5 Bxh2) 29. Ng3 $11 Rxf4 30. Rxf4 Rxf4 {[#]} 31. Rxd7 $1 {[%mdl 512]} Qxc4 (31... Qxd7 32. Qxf4) 32. Qa8+ Rf8 33. Qe4 Qxe4+ 34. Nxe4 {[%mdl 4096] Endgame KRB-KRN} Rf4 35. Ng3 h4 (35... Kf7 $11 {keeps the balance.}) 36. Rxe7 $16 {Black must now prevent Ne2.} hxg3 37. hxg3 {KR-KR} Rf7 38. Re8+ Kh7 39. Rxe6 Rd7 40. Re3 g6 $2 (40... Rd4 $16 {keeps fighting.} 41. Kh3 Rc4) 41. f4 $2 (41. Kh3 $18 {is more deadly.}) 41... Kg7 $2 (41... g5 $16) 42. Kf3 $18 Kf6 43. Kg4 Rd5 $2 (43... a5 44. bxa5 bxa5) 44. Rc3 Rd7 45. Rc6+ Kf7 46. Rc8 Kf6 47. Rf8+ Kg7 48. Ra8 Kf6 49. a4 Rc7 $2 (49... Kg7 {is a better chance.} 50. a5 Rb7 51. axb6 {[%mdl 64] Overworked Piece} Rxb6 52. Rxa7+ Kf6) 50. a5 bxa5 51. bxa5 Rd7 52. Rf8+ Kg7 53. Rc8 Kf6 54. Rc6+ Kg7 55. a6 Kf7 56. Kg5 Rd5+ {[#]} 57. Kh4 $1 Rd7 (57... g5+ $142 58. fxg5 Rd1 59. Rc7+ Kg6 60. Rxa7 Rd5) 58. g4 Kg7 59. Kg5 Rd5+ 60. f5 gxf5 61. Rc7+ {[%mdl 64] Double Attack. White mates.} Kf8 62. gxf5 Rd6 63. Rxa7 Rb6 64. Ra8+ Kg7 65. a7 Rg6+ 66. Kf4 Ra6 67. Ke3 Ra4 {[#]} 68. f6+ $1 {Accuracy: White = 68%, Black = 37%.} 1-0